000 00707nam a2200193 a 4500
001 000032857
005 20240227073914.0
008 110801s1954 dr 000 0 spa d
040 _aDO-SdBNP
_bspa
_cBNPHU
082 _axxxx
_bH519s
100 1 _aHenríquez Ureña, Max,
_d1885-1968
_92621
245 1 3 _aLa sociedad de conferencias de la Habana y su época. /
_cMax Henriquez Ureña.
260 _aLa Habana :
_bOficina del Historiador de la Ciudad,
_c1954.
300 _a48 p. ;
_c24 cm.
490 1 _aCuaderno de historia habanera
_vno. 58
500 _aConferencia pronunciada en el Ateneo de La Habana el 11 de noviembre de 1953
830 0 _aCuaderno de historia habanera
_v58
_958644
049 _aBNPD
999 _c32348
_d32348